EXPERIMENTAL PHARMACOLOGY (Record no. 7080)
[ view plain ]
| 000 -LEADER | |
|---|---|
| fixed length control field | 00251nam a2200121Ia 4500 |
| 082 ## - DEWEY DECIMAL CLASSIFICATION NUMBER | |
| Classification number | 615 |
| Item number | E15J |
| 100 ## - MAIN ENTRY--PERSONAL NAME | |
| Personal name | JAGGI, A.S |
| 245 ## - TITLE STATEMENT | |
| Title | EXPERIMENTAL PHARMACOLOGY |
| 260 ## - PUBLICATION, DISTRIBUTION, ETC. (IMPRINT) | |
| Name of publisher, distributor, etc | CBS- DELHI |
| 300 ## - PAGE DESCRIPTION | |
| No. of Pages | 164 |
| 650 ## - SUBJECT ADDED ENTRY--TOPICAL TERM | |
| Topical term or geographic name as entry element | PHARMACOLOGY |
| 942 ## - ADDED ENTRY ELEMENTS (KOHA) | |
| Source of classification or shelving scheme | Dewey Decimal Classification |
| Koha item type | Books |
| 942 ## - ADDED ENTRY ELEMENTS (KOHA) | |
| -- | 2 |
| Withdrawn status | Lost status | Source of classification or shelving scheme | Damaged status | Not for loan | Collection code | Home library | Current library | Date acquired | Vendor Name | Cost, normal purchase price | SGTU | Bill Number | Total Checkouts | Full call number | Accession No. (Barcode) | Date last seen | Bill Date | Koha item type | Date last borrowed | Shelving location |
|---|---|---|---|---|---|---|---|---|---|---|---|---|---|---|---|---|---|---|---|---|
| Dewey Decimal Classification | PHARMACY | SGT FA-FP Library | SGT FA-FP Library | 02/07/2015 | ABC DELHI | 195.00 | SGTU | 492 | 615 E15J | FP216 | 02/07/2015 | 24/11/2014 | Books | |||||||
| Dewey Decimal Classification | PHARMACY | SGT FA-FP Library | SGT FA-FP Library | 02/07/2015 | ABC DELHI | 195.00 | SGTU | 492 | 1 | 615 E15J | FP217 | 30/01/2023 | 24/11/2014 | Books | 18/11/2021 | |||||
| Dewey Decimal Classification | PHARMACY | SGT FA-FP Library | SGT FA-FP Library | 02/07/2015 | ABC DELHI | 195.00 | SGTU | 492 | 1 | 615 E15J | FP218 | 05/02/2018 | 24/11/2014 | Books | 11/01/2018 | |||||
| Dewey Decimal Classification | PHARMACY | SGT FA-FP Library | SGT FA-FP Library | 02/07/2015 | ABC DELHI | 195.00 | SGTU | 492 | 1 | 615 E15J | FP219 | 16/01/2023 | 24/11/2014 | Books | 14/01/2023 | |||||
| Dewey Decimal Classification | PHARMACY | SGT FA-FP Library | SGT FA-FP Library | 02/07/2015 | ABC DELHI | 195.00 | SGTU | 492 | 615 E15J | FP220 | 02/07/2015 | 24/11/2014 | Books | Reference Book |